Key indicators for Asia and the Pacific 2010 (41st edition).

Bibliographic Details
Format: Book
Published: Manila: Asian development bank, 2010.
LEADER 00292cam a2200085 7i4500
001 0000025446
005 20101222090000.0
245 0 0 |a Key indicators for Asia and the Pacific 2010 (41st edition). 
260 0 0 |a Manila:   |b Asian development bank,   |c 2010. 
999 |a CDR001012B  |b CD-ROM  |c AV Collection  |e Business Information Centre